000 00813nam a22001937a 4500
003 OSt
005 20170331141223.0
008 150407b xxu||||| |||| 00| 0 eng d
040 _cCRI
082 _a374.13
100 _940972
_aMeléndez Abarca, Edwin Roberto
245 1 0 _aPasantía en Complejo Educativo Católico Santa Teresita
_b: Reporte Final
_cEdwin Roberto Meléndez Abarca
260 _aIlobasco (Cabañas)
_bUniversidad Católica de El Salvador
_c2014
300 _a30 p.
_c27.5 cm
_e+ 1 disco compacto
502 _aTrabajo de graduación para optar al grado académico de Licenciado en ciencias de la educación especialidad en idioma inglés.
650 0 _915474
_aEnseñanza
710 _940915
_aUniversidad Católica de El Salvador
_bCentro Regional de Ilobasco
942 _2ddc
_cTG
_hprozim
999 _c27467
_d27467